• 首页
  • 本馆介绍
  • 公告通知
  • 最新文献
  • 馆藏检索
  • 电子资源
  • 读者导购
  • 参考咨询
  • 我的图书馆
  • 登录
  • 详细信息显示
  • 放入我的书架
  • 预约/预借图书
  • 作者相关作品
  • 分类相关作品
  • 丛书相关作品
  • 出版社相关作品

书目信息

  • 表格格式
  • 工作单格式
  • 卡片格式
题名:
化工反应动力学
    
 
作者: 韦拉斯 著 ;原华东化工学院化工原理教研组 译
分册:  
出版信息: 北京   燃料化学工业出版社  1975
页数: 362页
开本: 20cm
丛书名:
单 册:
中图分类: TQ03 , TQ013
科图分类:
主题词: 化学反应工程 , 化学工业--基础理论
电子资源:
ISBN:
000 00814nam0 2200253 45
001 0175002576
005 20060303094747.92
010    @dCNY1.45
100    @a19951015d1975 kemy0chiy0121 ea
101 1  @achi@ceng
102    @aCN@b110000
105    @ay z 000yy
200 10 @a化工反应动力学@Ahua gong fan ying dong li xue@f(美)斯坦莱·韦拉斯著@F(mei)si tan lai·wei la si zhu@g原华东化工学院化工原理教研组译
210    @a北京@c燃料化学工业出版社@d1975
215    @a362页@d20cm
606    @a化学反应工程
606 0  @a化学工业@x基础理论
690    @aTQ03@v3
690    @aTQ013@v4
701  0 @a韦拉斯@Awei la si@4著
712 02 @a原华东化工学院化工原理教研组@Ayuan hua dong hua gong xue yuan hua gong yuan li jiao yan zu@4译
801  2 @aCN@bNLC@c20060303
801  0 @aCN@bTSSF
905    @a10447@dTQ013@e2
    
    化工反应动力学/(美)斯坦莱·韦拉斯著/原华东化工学院化工原理教研组译.-北京:燃料化学工业出版社,1975
    362页;20cm
    
    
    ISBN :CNY1.45
    
●
相关链接 在E读中查询图书 在五车中查询图书 在当当中查询图书 在豆瓣中查询图书


正题名:化工反应动力学     索取号:TQ013/2         预约/预借

序号 登录号 条形码 馆藏地/架位号 状态 备注
1 0017159   001645955   密集书库/ [索取号:TQ013/2] 在馆    
唐山师范学院图书馆 欢迎您!
大连网信软件有限公司© 版权所有